000 00358nam a2200121 i 4500
001 bg
245 0 _aKonferencja metodyczna na temat: metodyka prowadzenia egzaminów, zaliczeń i seminarium dyplomowego na kierunkach budowlanych.
260 _aGliwice,
_c1975.
040 _cBPK
041 _apol
942 _cKS
008 s pl f |000 0 pol
999 _c27272
_d27272
856 _uhttp://koha.tu.koszalin.pl/cgi-bin/koha/opac-detail.pl?biblionumber=27272
_yKatalog online BPK